La prueba y medios de prueba: de Roma al derecho moderno

Gardado en:
Detalles Bibliográficos
Formato: Libro
Idioma:Lingua castelá
latín
Publicado: Madrid Universidad Rey Juan Carlos 2000
Subjects:
Tags: Engadir etiqueta
Sen Etiquetas, Sexa o primeiro en etiquetar este rexistro!

MARC

LEADER 00000nam a2200000 a 4500
001 UCL8328
003 CL-VaPUC
005 20210608001415.0
008 040618e20000000sp 1 spa d
020 |a 84955541009 
041 0 7 |a spa  |2 CL-VaPUC 
041 0 7 |a lat  |2 CL-VaPUC 
082 0 4 |a 345.06  |b PRU  |2 21 
245 1 3 |a La prueba y medios de prueba: de Roma al derecho moderno 
246 1 0 |a Actas del VI congreso iberoamericano y III congreso internacional de derecho romano 
260 |a Madrid  |b Universidad Rey Juan Carlos  |c 2000 
300 |a 799 p 
583 |a last modification  |c 20040618 00:00:00  |k Rodrigo Vera 
650 0 0 |a Derecho procesal penal   |9 256392 
650 0 0 |a Pruebas  |9 256249 
650 0 0 |a Derecho romano  |9 255930 
650 0 0 |a Historia del derecho  |9 255109 
650 0 0 |a Fuentes del derecho   |9 255162 
942 |c BK 
945 |a cmena  |d 20040618 00:00:00 
546 |a En Español 
546 |a En Latín 
536 |a Universidad Rey JUan Carlos 
518 |p Congreso Iberoamericano de Derecho Romano, 6, Madrid, 3 al 5 de febrero de 2000 
518 |p Congreso Internacional de Derecho Romano, 3, Madrid, 3 al 5 de febrero de 2000 
999 |c 384049  |d 384047 
952 |0 0  |1 0  |4 0  |6 345_060000000000000_PRU_2000  |7 0  |8 DER_ROM  |9 506466  |a BIBDER  |b BIBDER  |d 2020-01-23  |i 4027361  |o 345.06 PRU 2000  |p 4027361  |r 2023-01-25  |w 2020-01-23  |x Ubicación 4to piso  |y BK  |z Este recurso debe solicitarse con anticipación  |k DER